00606nam a2200133 a 4500040000800000082002600008110003800034245026000072260005500332300004000387500002000427650001500447650001000462 cDLC00a634 NAT 1984 C154 Or.2 aNational Research Council (U.S.).10aCasuarinas, nitrogen-fixing trees for adverse sites :breport of an ad hoc panel of the Advisory Committee on Technology Innovation, Board on Science and Technology for International Development, Office of International Affairs, National Research Council. aWashington, D.C. :bNational Academy Press,c1984. avii, 118 p. :bill., maps ;c23 cm. aIncludes index. 0aCasuarina. 0aTrees